| 000 | 01251cab a2200277 4500 | ||
|---|---|---|---|
| 001 | ABS52750 | ||
| 008 | 090401t1995 xxu||||| |||| 00| 0 eng d | ||
| 035 | _a(Sirsi) u93982 | ||
| 041 | _aeng | ||
| 245 | _aSaga Properties Ltd v Palmeira Square Nos 2-6 Ltd | ||
| 260 | _c1995 | ||
| 350 | _a0 | ||
| 490 |
_aEstates Gazette _v(1995) 15 EG 109-122(14) |
||
| 520 | _aLT 26 September 1994. The appellant landlord contended that no 6 Palmeira Square was a separate building from nos 2-5 so that an insufficient number of qualifying tenants were party to the purchase notice and secondly that in the determination of the purchase price reductions for the lease of part of the basement and for repairs specified in statutory notices were wrongly made. Held that the identity of the property should have been settled at the cc not the LVT or LT. Purchase price determined. | ||
| 650 | _aLANDLORD AND TENANT ACT 1987 S12 | ||
| 650 | _aLEASEHOLD ENFRANCHISEMENT | ||
| 650 | _aLEASEHOLD VALUATION TRIBUNAL | ||
| 650 | _aPURCHASE NOTICES | ||
| 650 | _aREPAIRS | ||
| 650 | _aSTATUTORY NOTICES | ||
| 650 | _aVALIDITY | ||
| 650 |
_aValuation _96273 |
||
| 690 | _aLANDLORD AND TENANT-CASE LAW-LEASEHOLD REFORM | ||
| 942 | _n0 | ||
| 948 | _c04/03/1997 | ||
| 999 |
_c59555 _d59555 |
||